000 00816nam a2200265Ia 4500
003 OSt
005 20220918222312.0
006 a|||||r|||| 00| 0
007 ta
008 220917b |||||||| |||| 00| 0 eng d
024 _a216,373
037 _cTextual
040 _aARTS
_cARTS
_beng
041 _2eng
_aeng
082 _aR85, P3
100 _aGracia Jorge J.E. Ed.
_983445
245 0 _aClassics of western philosophy
_b a reader's guide
260 _aOxford
_bBlackwell Publishing
_c2003
300 _axviii, 614p
_ccm.
650 _aPHILOSOPHY
700 _a Reichberg Gregory M. Ed.
_9142749
700 _a Schumacher Bernard N. Ed.
_9142750
942 _hR85, P3
_cTEXL
_2CC
999 _c275114
_d275114